Normal view
MARC view
Entry Geographic Name
001 - CONTROL NUMBER
- control field: 27377
003 - CONTROL NUMBER IDENTIFIER
- control field: ARRUPE
005 - DATE AND TIME OF LATEST TRANSACTION
- control field: 20161109103433.0
008 - FIXED-LENGTH DATA ELEMENTS
- fixed length control field: 161109|| aca||aabn | a|a d
040 ## - CATALOGING SOURCE
- Original cataloging agency: ARRUPE
- Transcribing agency: ARRUPE
151 ## - HEADING--GEOGRAPHIC NAME
- Geographic name: Florence (Italy)
- General subdivision: History.
670 ## - SOURCE DATA FOUND
- Source citation: Work cat.: (ARRUPE)0: Machiavelli, Niccolò, 1469-1527. 3238, Opere di Niccolò Machiavelli, 1826.